Statistiques concernant Culture Générale - Série 2563

Cliquez ici pour prendre le quiz!

Statistiques générales

  • Ce quiz a été pris 105 fois
  • Le résultat moyen est 7 sur 10

Statistiques - réponses

QuestionRéponse% Correct
En argot, que désigne un "panard" ?pied
88%
Dans quel sport peut-on recevoir comme trophée en France, le bouclier de Brennus ?rugby
81%
Dans quelle ville les Jeux Olympiques ont-ils eu lieu en 1936 ?Berlin
74%
L'ornithorynque est un animal semi-aquatique originaire d'Australie appelé aussi " bec de ...canard
72%
De quel pays le goulasch ou la goulache est-il originaire ?Hongrie
68%
Quel est le 1er producteur de pétrole en Europe ?Norvège
64%
De quelle île est originaire le vin Marsala ?Sicile
59%
Quel petit animal carnivore dont la silhouette est élégante et la fourrure renommée était au Moyen Age le symbole de la Bretagne ? voir photohermine
58%
Dans quelle discipline artistique peut-on utiliser un ud ou oud?musique
49%
Sur quelle île se trouve le phare des baleines ?
41%

Distribution des résultats

Percentile par nombre de réponses

% des personnes avec chaque résultat

Votre développement - résultats

Vous n’avez pas pris ce quiz